000 00599nam a2200229Ia 4500
003 OSt
005 20220924151927.0
006 a|||||r|||| 00| 0
007 ta
008 220923b |||||||| |||| 00| 0 mar d
024 _a340012
037 _cTextual
040 _aARTS
_cARTS
_bmar
041 _2mar
_amar
082 _aO155,1vN5<-M5, K3
100 _aTodmlal H.K
_9225328
245 0 _aArvachin marathiteel khnadkavya
260 _c1963
650 _aMARATHI LITERATURE
_938000
942 _hO155,1vN5<-M5, K3
_cTEXL
_2CC
999 _c468117
_d468117